|
|
|
|
| LEADER |
01066nam a22002652a 4500 |
| 001 |
000126009 |
| 003 |
CZ BrMZK |
| 005 |
20110211134654.0 |
| 007 |
ta |
| 008 |
010907s1982 xr f cze d |
| 015 |
|
|
|a cnb000068231
|
| 035 |
|
|
|a (OCoLC)85541408
|
| 040 |
|
|
|a BOA001
|b cze
|
| 100 |
1 |
|
|a Medek, Václav,
|d 1922-1982
|7 jk01081033
|4 aut
|
| 245 |
1 |
0 |
|a Cesta české a moravské církve staletími /
|c Václav Medek
|
| 260 |
|
|
|a Praha :
|b Ústřední církevní nakladatelství,
|c 1982
|
| 300 |
|
|
|a 375 s.
|
| 550 |
|
|
|a Vydavatel: Česká katolická charita
|
| 710 |
2 |
|
|a Katolická církev.
|b Sdružení Česká katolická charita
|7 kn20010711091
|4 isb
|
| 856 |
4 |
1 |
|u http://www.digitalniknihovna.cz/mzk/uuid/uuid:1ec5f130-32e3-11e2-824c-005056827e51
|y Digitalizovaný dokument
|x NDK
|
| 910 |
|
|
|a BOA001
|b 2-0863.444
|
| 990 |
|
|
|a BK
|
| 991 |
|
|
|b 201008
|
| 996 |
7 |
|
|b 2610646623
|c 2-0863.444
|l MZK
|r Sklad / do 1 hodiny
|n 15
|p dar
|w 000126009
|u 000020
|a 1
|e BOA001
|j MZK50
|s A
|
| 996 |
6 |
|
|b 2619974815
|c 2-0863.444
|l MZK
|r Sklad / do 1 hodiny
|n 84
|w 000126009
|u 000010
|a 1
|e BOA001
|j MZK50
|s P
|